000
00218nam a2200097Ia 4500
005
20251222114354.0
008
251222s1900||||xx |||||||||||||| ||spa||
082
_a
DVD0070/Z25/2006
245
0
_a
Habana blues:
942
_c
DVD
999
_c
1374
_d
1374